| 000 | 004300000a22001330004500 | ||
|---|---|---|---|
| 090 |
_aAS _bSeriadas |
||
| 245 | 1 | 0 | _aHallazgo del género Trigonobalanus forman, 1962 (<Fagaceae>) en el neotrópico- II |
| 041 | 0 | _aEspañol | |
| 700 | 1 |
_aLozano Contreras, Gustavo _920520 |
|
| 700 | 1 |
_aHenao S., Jesús E. _999290 |
|
| 100 | 1 |
_aHernández Camacho, Jorge Ignacio _93657 |
|
| 942 | _cARTICULO | ||
| 773 | 1 |
_tCaldasia _345 _h61 _q9-43 _d1980 _g8 |
|
| 999 |
_c14621 _d14621 |
||